[Event "FIDE World Cup 13-16"]
[Site "Khanty-Mansiysk"]
[Date "2005.12.14"]
[Round "6.5"]
[White "Van Wely, Loek"]
[Black "Lautier, Joel"]
[Result "1-0"]
[WhiteElo "2648"]
[BlackElo "2680"]
[Annotator "Mikhalevski,Victor"]
[PlyCount "75"]
[EventDate "2005.11.27"]
[EventType "k.o."]
[EventRounds "7"]
[EventCountry "RUS"]
[SourceTitle "CBM 111"]
[Source "ChessBase"]
[SourceDate "2006.04.04"]
[SourceVersion "1"]
[SourceVersionDate "2006.04.04"]
[SourceQuality "1"]

1. d4 d5 2. c4 c6 3. Nf3 e6 4. e3 Nf6 5. Bd3 dxc4 6. Bxc4 Nbd7 (6... c5 {which transposes into the Queen's Gambit Accepted looks like a more logical alternative.}) 7. O-O Bd6 8. Qe2 $5 {An uncommon, although a rather logical and flexible continuation. White prepares Rd1 and postpones development of his queen knight, which can come both to c3 and d2 depending on Black's plan.} (8. Nc3 {was more popular, although the entire setup is not a very frequent guest in the tournament practice.} O-O 9. e4 e5 10. Be3 Qe7 11. Bb3 exd4 12. Bxd4 Ne5 13. Nxe5 Bxe5 14. Bxe5 Qxe5 15. f4 Qc5+ 16. Kh1 Be6 17. e5 $146 Rad8 18. Qf3 Bxb3 19. axb3 Nd5 20. Ne4 $14 {Lautier,J-Akopian,V, Calvia ol(Men) 2004/CBM 104[Lutz].}) ({RR} 8. Re1 O-O 9. e4 e5 10. Bg5 Qc7 11. h3 exd4 12. Bxf6 gxf6 13. Qxd4 Ne5 14. Nbd2 Rd8 15. Qc3 a5 16. Nxe5 Bxe5 17. Qc2 b5 18. Bf1 a4 19. Nf3 a3 20. Nxe5 axb2 21. Rad1 Rxd1 22. Rxd1 Qxe5 {Wang,Y (2736)-Akopian,V (2679) Elista 2008 ½-½ (46)}) 8... O-O 9. Rd1 ({White also tested the immediate} 9. e4 {, which however looks premature.} e5 10. dxe5 (10. Bg5 h6 11. Bh4 Re8 12. Nbd2 Qe7 13. Rad1 exd4 14. Nxd4 Nb6 (14... Bxh2+ $5 15. Kxh2 Qe5+ 16. f4 Qxd4 $13) 15. Bb3 Bxh2+ 16. Kxh2 Qe5+ 17. Kg1 Qxd4 18. Nf3 Qxe4 $17 {0-1 Kanep,M-Haslinger,S/Dos Hermanas 2004/CBM 99 ext (60)}) 10... Nxe5 11. Nxe5 Bxe5 $11 {1-0 Chatalbashev,B-Thallinger,H/Oberwart AUT 2003/The Week in Chess 453 (28)}) 9... Qc7 $6 {As it turned out this is not a very fortunate position for the queen. It would be better to place it on e7.} ({The only preceding game saw} 9... Qe7 10. e4 e5 11. Re1 b5 12. Bb3 c5 13. dxc5 Nxc5 14. Bg5 Nxb3 15. axb3 Be6 16. Nc3 a6 $11 {and Black was at least not worse in 0-1 Lysyj,I-Grachev,B/Moscow 2004/EXT 2005 (37)}) 10. h3 ({RR} 10. b3 e5 11. Bb2 e4 12. Nfd2 b5 13. h3 bxc4 14. bxc4 c5 15. Nb3 Ba6 16. Na3 Rab8 17. Rac1 Rfc8 18. Nb5 Bxb5 19. cxb5 c4 20. Nc5 Bxc5 21. Rxc4 Rxb5 22. dxc5 Rxc5 23. Rxc5 Qxc5 24. Qa6 Rb8 {Chylewski,P (2291)-Solon,N (2327) chess.com INT 2023 0-1 (54)}) 10... c5 $146 (10... e5 $5) ({RR} 10... e5 11. Nc3 exd4 12. Nxd4 Nc5 13. a3 a5 14. Ba2 a4 15. Bd2 Be5 16. Rac1 b6 17. Be1 Ba6 18. Qc2 Rfd8 19. Nce2 Nfe4 20. Bc4 Bxc4 21. Qxc4 Rac8 22. Qc2 g6 23. Bb4 Rd5 24. f3 Bh2+ 25. Kf1 {Arlandi,E (2430)-Brun,D (2275) Condino 2014 1-0 (52)}) 11. dxc5 $1 {Van Wely felt that this is the bext way to exploit position of the black queen on c7.} Bxc5 ({After} 11... Nxc5 $5 12. Nc3 {[%cal Gc3b5]} a6 13. e4 {[%cal Ge4e5]} b5 14. e5 Bxe5 15. Qxe5 Qxe5 16. Nxe5 bxc4 17. Nxc4 $14 {White is just slightly better.}) 12. b3 $1 {White's plan has crystallized. the bishop goes to b2; the queen knight to d2 and finally queen rook to c1.} a6 $6 {[%cal Gb7b5,Gc8b7] Black is also preparing development of the queen side, but makes it more difficult for himself to develop the queen rook.} ({The immediate} 12... b6 $1 {is better as after a6 the queen rook is nailed to the a-pawn.} 13. Bb2 Bb7 14. Nbd2 Rac8 15. Rac1 Qb8 {with a much better version of the game.}) 13. a4 $1 b6 14. Bb2 Bb7 15. Nbd2 Rfd8 (15... Rac8) 16. Rac1 {Now it's clear that the queen would feel much more comfortable on e7.} Qb8 $6 (16... a5 {Prevetning b4 and freeing the rook from defense of the a6-pawn was better.}) 17. Bd3 $1 {[%cal Gd2c4] A nice regrouping of pieces.} h6 18. Nc4 Ne4 $2 {Black is not ready for such an activity and places the knight in a hanging position, which Van Wely exploits instantly with} ({It would be better to return to c7 trying to reset coordination of his pieces.} 18... Qc7) 19. Nfe5 $1 $16 {[%csl Re4,Rg7]} Ndf6 $2 {After this natural move Black's position collapses.} (19... Nef6 {was necessary, although White's superiority here is out of question.} 20. Nxd7 Nxd7 21. Qh5 $16 {[%csl Rf7,Rg7][%cal Gd3h7]}) 20. Ng4 $1 {[%csl Rg8] With two precise moves Van Wely underlines the fallacy of Black's strategy.} Nh7 {Loses by force, but it's not easy to give Black a good advice.} (20... Nd7 {[%csl Ge5] loses to} 21. Nxh6+ $1 gxh6 22. Qg4+ Ng5 23. h4 f5 24. Qh5 Nf7 25. Qg6+ Kf8 26. Be2 $1 {[%cal Ge2h5]} Ke7 27. Rxd7+ $1 (27. Bh5 $5 Rf8 28. Nxb6 $1 $18 Bxb6 $140 29. Ba3+ Bc5 30. Rxc5 Nxc5 31. Bxc5+ Ke8 32. Qxe6#) 27... Rxd7 (27... Kxd7 28. Qxf7+ Kc6 29. Bf3+ Rd5 30. Ne5+ Kd6 31. Qd7#) 28. Bf6+ Ke8 29. Nxb6 $1 $18) (20... Bd5 {was the only chance to put some resistanse, although Black's position is difficult anyway.}) 21. Be5 $18 {Forcing the queen to a "nice" square a7.} ({or} 21. b4 $5 Bxb4 22. Be5 Qa7 (22... Nd6 23. Qb2 $1 $18 {[%csl Rb4,Rg7]}) 23. Qb2 {, which transposes to 21.Be5 Qa7 22.b4!}) 21... Qa7 (21... Qc8 $2 {is impossible in view of} 22. Nxb6 $18 {[%csl Ra8,Rc8]}) 22. Qb2 {White's play is simple and strong, but he could play even better.} (22. b4 $1 {This strong move discoordinates black pieces and wins instantly. F.e.} Bxb4 (22... Bf8 23. Bd4 $18 {[%csl Rb6]} (23. Bc7 $5 $18 {[%csl Rb6,Rd8]})) 23. Qb2 {[%csl Rb4,Rg7]} Bf8 (23... h5 24. Qxb4 hxg4 25. Nxb6 $18 {[%csl Ra8]}) (23... a5 24. Bxg7 $18 {[%cal Gg4h6]}) (23... f6 24. Qxb4 fxe5 25. Nxb6 Rab8 (25... a5 26. Qe7 $1 Re8 27. Qc7 $18) 26. Rc7 $1 Rd6 27. Nc8 $1 {[%csl Ra7,Rd6]} Bxc8 28. Qxe4 $1 {[%csl Ra7,Rh7]} Qxc7 29. Qxh7+ Kf8 30. Qh8+ Kf7 31. Nxe5+ Kf6 32. Qf8+ Kxe5 33. Qf4+ Kd5 34. Qe4+ Kc5 35. Rc1+ Kb6 36. Qb4+ $18) 24. Nxb6 $18 {[%csl Ra8] The rook is traped and White wins.}) 22... f6 23. b4 $1 b5 $1 {The only chance to complicate matters.} (23... fxe5 24. bxc5 Nxc5 25. Bxh7+ Kxh7 26. Nxb6 Rxd1+ 27. Rxd1 Rb8 (27... Rf8 28. Qb4 $1 $18 {[%csl Rc5,Rf8]}) (27... Re8 28. Qc2+ $1 Ne4 29. Rd7 $1 Qxb6 30. Nf6+ Kh8 31. Nxe8 Bc6 32. a5 $1 $18) 28. a5 $1 {[%csl Ra7,Re5]} e4 29. Qe5 $18 {[%csl Rc5,Re6]}) (23... Bf8 24. Bd4 $1 $18) 24. axb5 {It wasn't necessary to open the a-file as it gives Black some fresh air.} (24. bxc5 $1 {was simplier and better.} fxe5 (24... bxc4 25. Bxc4 Rxd1+ 26. Rxd1 Nf8 (26... fxe5 27. Bxe6+ Kh8 28. c6 $1 Bxc6 29. Nxe5 {[%csl Rc6,Rh8][%cal Ge5g6]} Nhf6 (29... Be8 30. Rd7 $1 $18 {[%csl Rg7][%cal Ge5g6]}) 30. Nxc6 $18) 27. Bxf6 gxf6 28. Nxf6+ Nxf6 29. Qxf6 {[%cal Gd1d4,Gd4g4]} Be4 30. Bxe6+ Kh7 31. Bf7 Qxc5 32. Rd4 $18 {[%cal Gd4g4]}) 25. Bxe4 Bxe4 (25... Rxd1+ 26. Rxd1 Bxe4 27. Nb6 Re8 28. axb5 axb5 29. Qxb5 $18) 26. Nd6 Bc6 27. Qxe5 (27. Nxe5 $5) 27... Nf8 28. Qg3 $1 {[%cal Gg4h6,Gg4e5]} Kh7 29. Ne5 Qc7 30. Rd4 $1 $18 {[%cal Gd4f4,Gf4f7]}) 24... axb5 (24... fxe5 {less chances for White's mistake leaves} 25. bxc5 Nxc5 (25... axb5 26. Nb6 $18 {[%csl Ra7,Ra8][%cal Gc1a1]}) 26. b6 Qb8 27. Ncxe5 Nxd3 28. Rxd3 Rxd3 29. Nxd3 $18 {[%cal Gc1c7] and White wins.}) 25. Ra1 $2 {A serious mistake, which could turn the evaluation upside-down.} (25. Na5 $1 Bd5 26. bxc5 fxe5 (26... Qxa5 27. Ra1 $1 $18 {[%csl Ra5]}) 27. Bxe4 Bxe4 (27... Qxa5 28. Qxe5 Bxe4 29. Qxe6+ Kh8 30. Qxe4 $18) 28. Rxd8+ Rxd8 29. Qxb5 $16) 25... Rxd3 $2 {Black returns a favour.} ({After correct} 25... bxc4 $1 26. Rxa7 Bxa7 27. Be2 Rxd1+ 28. Bxd1 fxe5 29. Qxe5 Bd5 $17 {it's White who has to look for escape.}) 26. Rxd3 Qxa1+ 27. Qxa1 Rxa1+ 28. Bxa1 bxc4 ({After correct} 28... Bxb4 $1 29. Rb3 Bf8 $1 30. Na5 (30. Rxb5 $2 Ba6 $11 {[%csl Rb5,Rc4]}) 30... Ba6 31. Nc6 $16 {White would still have to show good technique to win the game.}) 29. Rd7 {[%csl Rb7,Rc5]} Bc6 30. Rc7 $18 {[%csl Rc5,Rc6] Now it's over.} Ba4 ({or} 30... Bxb4 31. Rxc6 $18 {[%csl Rc4,Re6]}) 31. bxc5 c3 32. c6 c2 33. Bb2 Nf8 (33... Nc3 34. Rc8+ Kf7 35. c7 {[%cal Gc8d8]} Nd5 36. Rf8+ $18) 34. Rc8 h5 35. c7 {[%cal Gc8f8]} Bd7 36. Rd8 {[%cal Gd8d7]} Nd6 37. Nh2 Kf7 38. Ba3 $1 {Now neither of black pieces can move and so Lautier resigned.} 1-0

[Event "Leonid Stein Memorial"]
[Site "Lvov"]
[Date "2000.05.15"]
[Round "4"]
[White "Gelfand, Boris"]
[Black "Krasenkow, Michal"]
[Result "0-1"]
[WhiteElo "2690"]
[BlackElo "2660"]
[Annotator "Tsesarsky,Ilya"]
[PlyCount "74"]
[EventDate "2000.05.12"]
[EventType "tourn"]
[EventRounds "10"]
[EventCountry "UKR"]
[EventCategory "17"]
[SourceTitle "CBM 077"]
[Source "ChessBase"]
[SourceDate "2000.07.27"]
[SourceVersion "1"]
[SourceVersionDate "2000.07.27"]
[SourceQuality "1"]

1. Nf3 d5 2. d4 c6 3. c4 e6 4. Qc2 dxc4 5. Qxc4 Nf6 6. Bg5 b5 7. Qc2 Bb7 8. e3 $1 {Before this game I thought, better is 8.e4, but Gelfand demonstrates deep preparation to this variation} (8. e4 $5 a6 (8... Nbd7 9. Bd3 $5 (9. Nbd2 h6 10. Bh4 (10. Bxf6 Qxf6 11. e5 Qd8 12. Bd3 Qb6 13. a4 a6 14. O-O Be7 (14... c5 15. axb5 axb5 16. Rxa8+ Bxa8 17. Ra1 Bd5 18. Be4 $14) 15. Be4 O-O 16. axb5 cxb5 17. Bxb7 Qxb7 18. Rfc1 Rfc8 19. Qe4 Qxe4 20. Nxe4 $132) 10... Qb6 11. a4 $5 $14) 9... a6 10. a4 h6 11. Bh4 Rc8 12. Nbd2 Qb6 13. O-O c5 14. a5 Qd8 15. e5 g5 16. Bg3 cxd4 17. Qd1 Nh5 18. Be4 Bxe4 19. Nxe4 Nc5 20. Nfd2 Nxg3 21. Nf6+ Ke7 22. fxg3 $16 {Ulibin,Mikhail-Galkin,Alexander/Oberwart op (9) ;EXT 2000 1999/1-0 (43)}) 9. Nbd2 (9. Nc3 Nbd7 10. e5 h6 11. Bd2 b4 12. exf6 (12. Na4 $5 Nd5 13. Rc1 Rc8 14. Nc5 (14. Bd3 c5 $11) 14... Bxc5 15. dxc5 Qa5 16. a3 $14) 12... bxc3 13. bxc3 Nxf6 14. Rb1 Rb8 15. Ne5 Bd6 16. Be2 {½-½ Ionov,Sergey-Solovjov,Sergey/Chigorin mem (4) ;CBM 67 ext 1998}) 9... h6 10. Bh4 Qb6 $14) 8... Nbd7 9. Bd3 {This move is more flexible than another continuations (except of 9.e2)} (9. Nbd2 Qb6 10. Be2 (10. a4 bxa4 11. Rxa4 c5 $132) 10... c5 11. O-O Rc8 12. Rac1 (12. Qb3 c4 13. Qc2 Nd5 $132) 12... Be7 13. dxc5 (13. Qb3 a6 14. a4 c4 15. Qc2 O-O $132) 13... Rxc5 14. Qd3 $11 {1-0 Ibragimov,Ildar-Lugo,Blas/New York op (3) ;CBM 64 1998 (20)}) (9. Nc3 a6 10. a4 c5 11. axb5 Bxf3 12. gxf3 cxd4 13. exd4 axb5 14. Rxa8 Qxa8 15. Bxf6 Nxf6 16. Bxb5+ Kd8 17. Be2 (17. Qa4 Qxa4 18. Bxa4 Bb4 $44 {[%csl Rb2,Rd4,Rf2,Rf3]}) 17... Bd6 18. Rg1 Qa1+ 19. Bd1 g6 20. Ne4 Bb4+ 21. Kf1 Nd5 $44) (9. Be2 $5 {Alternative plan, maybe also strong, like 9.d3. White  placed on e2 defend f3.} a6 (9... Qb6 10. a4 $1 $14 (10. O-O c5 11. a4 a6 12. axb5 axb5 13. Nc3 $1 (13. Rxa8+ Bxa8 14. dxc5 Bxc5 15. b4 Bxb4 {½-½ Masternak,Aleksander-Van der Vorm,Teun/EU-ch Union SCIPT (6) ;EXT 2000 1999}) 13... b4 14. Na4 $16)) 10. a4 Bb4+ 11. Nc3 c5 12. axb5 cxd4 13. exd4 axb5 14. O-O {[%csl Rb5]} O-O 15. Nxb5 $14) 9... a6 10. a4 $1 $146 {White attack b5 to prevent c6-c5 promotion White b1 is waiting for Black reaction and keeping two ways for development - d2 or c3.} (10. Qe2 $6 {Why to play twice with developed piece?} c5 11. O-O Be7 12. Nc3 O-O 13. Bc2 Rc8 14. dxc5 Rxc5 15. e4 Qc7 16. Bd3 Bd6 $11 {1-0 Benkovic,Petar-Leskiewicz,Maksymilian/Wch U20 Yerevan (11) ;CBM 72 ext 1999 (35)}) 10... Bb4+ (10... Qb6 11. Nc3 b4 12. a5 Qa7 13. Na4 $5 (13. Bxf6 bxc3 (13... Nxf6 14. Na4 $14) 14. Bh4 (14. Bg5 cxb2 15. Qxb2 c5 16. O-O Bxf3 17. gxf3 Bd6 18. Rfc1 O-O $132) 14... cxb2 15. Qxb2 c5 $11) 13... c5 14. O-O Bxf3 15. gxf3 cxd4 16. Qc6 h6 17. Nb6 Rd8 18. Nc8 $1 Qc5 19. Qxe6+ $3 Be7 (19... fxe6 20. Bg6#) 20. Qxe7+ Qxe7 21. Nxe7 Kxe7 22. Bxf6+ Kxf6 23. Bxa6 $14) 11. Nc3 c5 $5 {Interesting reaction -  sacrifice} (11... bxa4 $142 $14) 12. Bxf6 $1 (12. axb5 cxd4 13. exd4 axb5 14. O-O Bxf3 (14... Rc8 15. Bxb5 O-O (15... Bxf3 16. gxf3 Qc7 17. Qa4 $16) 16. Ra4 Bxc3 17. bxc3 Nb6 18. Rb4 Bxf3 19. gxf3 Nbd5 20. Rb3 h6 21. Bh4 $16 (21. Be3 Nxe3 22. fxe3 Nd5 23. Re1 Rxc3 24. Rxc3 Nxc3 25. Qxc3 Qg5+ $11 {[%csl Rb5]})) 15. gxf3 h6 16. Bxf6 Nxf6 17. Bxb5+ Ke7 $14) 12... Nxf6 $6 $16 (12... gxf6 $142 13. Be4 (13. axb5 $6 Bxf3 14. gxf3 cxd4 15. exd4 axb5 $44) 13... Bxe4 (13... Qb8 14. O-O $16) 14. Qxe4 bxa4 15. Rxa4 $14) 13. dxc5 O-O 14. axb5 axb5 15. O-O Bxf3 $146 ({RR} 15... Rc8 16. Rfd1 Qe7 17. Ne4 Bxc5 18. Nxc5 Bxf3 19. Rdc1 Bc6 20. b4 g6 21. Qb2 Rfd8 22. Ra5 Ne4 23. Nxe4 Bxe4 24. Rxc8 Rxc8 25. Bxb5 Qd8 26. Ra1 Bxg2 27. Ba6 Bf3 28. Bxc8 Qg5+ 29. Kf1 Qg2+ 30. Ke1 {Ogloblin,N (2416)-Yudin,S (2536) Nizhnij Tagil 2008 ½-½ (45)}) 16. gxf3 Rc8 (16... Rxa1 17. Rxa1 Bxc5 18. Nxb5 $16 {[%cal Gg1f1]}) 17. Nxb5 $5 (17. Rfd1 $142 $1 {[%csl Rd8][%cal Gd3h7]} Qe7 (17... Qc7 18. Nxb5 Qxc5 19. Qxc5 Rxc5 20. Ra4 $16) 18. c6 $1 (18. Nxb5 Rxc5 19. Qe2 Rh5 20. f4 $16) 18... Rxc6 (18... Qc5 19. Nxb5 Rxc6 (19... Qg5+ 20. Kf1 $16) 20. Qxc5 Bxc5 21. Rdc1 $16) 19. Nd5 Qe8 (19... Nxd5 20. Qxc6 Qg5+ 21. Kh1 $18) 20. Nxf6+ gxf6 21. Bxh7+ Kg7 22. Qb3 Rc5 (22... Kxh7 23. Qxb4 Rc4 24. Qd6 $16) 23. Qxb4 Rc4 24. Qd6 Kxh7 25. Kh1 $16) 17... Rxc5 18. Qe2 Rh5 {Losing the strategical battle Krasenkow tries to find tactical chances...} 19. f4 (19. Rfc1 $6 Nd7 $1 {[%cal Gd8h4]} 20. f4 Qh4 21. f3 Bc5 {[%csl Re3,Rh2]} 22. Rc2 {[%cal Gc2h2]} e5 23. b4 (23. fxe5 Rxe5 24. Be4 Nf6 25. Nc3 Qg5+ 26. Kh1 Bxe3 $17) 23... Bb6 $44) 19... e5 20. fxe5 $2 $17 {Terrible move} (20. Rfd1 $2 Qc8 21. Ra4 Qh3 22. f3 Bc5 $17) ({Right was} 20. Ra4 $1 Bc5 21. Rd1 Qc8 {[%cal Gc8h3]} 22. Qf3 exf4 23. Rxf4 $16) 20... Ng4 $1 {[%csl Rg1,Rh2][%cal Gd8h4]} 21. f4 (21. Qxg4 Rg5 $19) (21. Ra4 Qh4 $19) 21... Qh4 22. Nd4 (22. Be4 Bc5 23. Rf3 Nxh2 $19) (22. Rfc1 Nxh2 {[%cal Rh4g3]} 23. Qf2 $8 Qg4+ 24. Qg2 Bd2 25. Qxg4 Nxg4 26. Rf1 (26. Rc4 g5 $1 27. fxg5 (27. Be2 Bxe3+ 28. Kg2 Rh2+ 29. Kf3 h5 $19) 27... Nxe5 $19) 26... Bxe3+ 27. Kg2 Nh2 $19 {[%csl Rf4]}) 22... Nxh2 23. Nf5 $2 $19 (23. Qg2 Nxf1 24. Rxf1 Bd2 $19) ({It wasn't easy to find} 23. Rf2 $1 Ng4 24. Be4 Rd8 25. Bf3 Nxf2 26. Qxf2 Qxf2+ 27. Kxf2 Rh2+ 28. Bg2 Rh6 $17) 23... Nf3+ 24. Rxf3 $8 Qh1+ 25. Kf2 Qxa1 26. Rg3 Be1+ 27. Kg2 Rxf5 28. Rh3 ({Did not help also} 28. Bxf5 Bxg3 29. Kxg3 g6 (29... Rb8 30. e6 fxe6 (30... Rxb2 31. e7 Qg1+ 32. Kf3 $11) 31. Bxe6+ Kh8 32. b3 $17) 30. Bd7 Qg1+ (30... Rb8 31. e6 Kf8 32. Qc2 Qe1+ 33. Kf3 Qb4 34. f5 $1 h5 35. exf7 Qg4+ 36. Kf2 $44) 31. Kf3 h5 32. b4 (32. e6 Qg4+ 33. Kf2 Qxe2+ 34. Kxe2 fxe6 35. Bxe6+ Kg7 36. Bd5 (36. Kf3 g5 $19) 36... Kf6 37. Kf3 g5 $19) 32... g5 33. fxg5 Qxg5 34. Qg2 Qxg2+ 35. Kxg2 Rd8 36. Bc6 (36. e6 Kf8 37. b5 Ke7 $19) 36... Rd3 37. Kf3 Rb3 38. b5 Kg7 39. Kf4 h4 40. Kg4 Rxe3 41. Kxh4 Rxe5 42. b6 Re1 43. b7 Rb1 44. Kg5 Kf8 45. Kf6 Rb6 46. Ke5 Ke7 47. Kd5 Kd8 $1 $19) 28... Rb8 $4 {Maybe time pressure?} (28... Rd8 $1 $19 29. Kf3 (29. Bxf5 Rd2 $19) 29... g6 30. Rh1 Rxd3 31. Qxd3 Qa5 32. e4 Rh5 33. Rxh5 gxh5 34. e6 fxe6 $19) (28... g6 $2 29. Bxf5 gxf5 30. Rxh7 $1 $11 (30. Rh1 Qa8+ 31. Kg1 Bb4 32. Qh5 Rd8 33. Qxh7+ Kf8 34. Qh8+ Ke7 35. Qf6+ Ke8 36. Rh8+ Bf8 $19)) 29. Bxf5 Rxb2 30. Bxh7+ Kf8 31. Bc2 g6 32. Qc4 Qa8+ 33. Kf1 $4 $44 (33. e4 Qa7 34. Qc8+ Ke7 35. Kh1 $1 $18) (33. Kg1 $18 {[%csl Rf8][%cal Rh3h8,Re5e6]}) 33... Bh4 34. Qe4 $4 $19 {[%csl Rc2,Rf1]} (34. Qd3 Kg7 35. e6 Qa1+ 36. Qd1 Qa6+ 37. Kg1 Qxe6 38. Rxh4 Qxe3+ 39. Kf1 Rb4 $11) 34... Qa1+ 35. Kg2 Qc1 36. Rxh4 Rxc2+ 37. Kh3 Qf1+ 0-1